01346nam a2200241Ia 4500001001100000003001000011008004100021040002500062041001300087100001800100245002200118250001100140260005500151300001200206500026200218501011400480520026200594650003100856942000700887957000600894999004200900952016200942L922-42313IT-CnALBA170116s9999||||xx |||||||||||||| ||und|| aIT-CnALBAcIT-CnALBA aITALIANO aDE MALLAC GUY 0aBORIS PAETERNAK.  a1a ed. a TORINO. ROMAbBORLA EDITORE c1965 [1° Ed.:1965] a167 p.  aTRADUZIONE. PREMESSA E PRESENTAZIONE. CENNI BIOGRAFICI. OPERE. IMPORTANZA DELL'ESISTENZA E DELLA VITA DELLA PERSONA. VITA E UNIVERSO DEL POETA. ORIGINE. AMBIENTE. GIOVENTÙ. RINUNCIA ALLA MUSICA. LA DONNA NELLA VITA DEL POETA. CARRIERA LETTERARIA. IL CASO  aSocietà San Paolo EM - Piazza San Paolo, 14 - 12051 ALBA (CN) (non commercial uses only) ® Copyright 2017 aTRADUZIONE. PREMESSA E PRESENTAZIONE. CENNI BIOGRAFICI. OPERE. IMPORTANZA DELL'ESISTENZA E DELLA VITA DELLA PERSONA. VITA E UNIVERSO DEL POETA. ORIGINE. AMBIENTE. GIOVENTÙ. RINUNCIA ALLA MUSICA. LA DONNA NELLA VITA DEL POETA. CARRIERA LETTERARIA. IL CASO  aBIOGRAFIE, UOMINI ILLUSTRI cBK 71 a47707bNOg Copie: 1 c301282d301282 0010406L_9224231371aALBAbALBAd2017-01-16l0oL922-42313r2017-01-16 00:00:00w2017-01-16yBKz(data import: 16 gennaio 2017) - By Epidotti, Vaglietti.